000 01063nam a2200349 i 4500
003 UkOxU
005 20230215124324.0
008 230215s2016 enka b 000 0 eng c
016 7 _a018011417
_2Uk
020 _a9781848064515
_qpaperback
035 _a(StEdALDL)1/3477128
040 _aUkOxU
_beng
_erda
_cUkOxU
042 _aukscp
082 _a690 NHB
245 0 0 _aModern methods of construction :
_bviews from the industry.
264 1 _aKnowlhill, Milton Keynes :
_bNHBC Foundation,
_cJune 2016.
264 4 _c©June 2016
300 _avi, 37 pages :
_billustrations ;
_c30 cm
336 _atext
_2rdacontent
336 _astill image
_2rdacontent
337 _aunmediated
_2rdamedia
338 _avolume
_2rdacarrier
500 _a"Primary research."
500 _a"NF70."
504 _aIncludes bibliographical references (page 37).
650 0 _aConstruction
650 0 _aArchitecture
690 _96230
_aConstruction management
710 2 _aNHBC Foundation,
_eissuing body.
942 _2ddc
999 _c121376
_d121376